000 00685nam a2200181Ia 4500
008 100920s9999 xx 000 0 und d
082 _b57537
_a930 थ 90
100 _aजोशी विष्णु श्रीधर.
245 _aझांशीची राणी लक्ष्मीबाई.
260 _bरोहन प्रकाशन, मुंबई 64.
_c1990
300 _a116
_bसाधी
365 _b36
520 _aइतिहास.
630 _aझांशीची राणी लक्ष्मीबाई.
650 _aइतिहास.
730 _aझांशीची राणी लक्ष्मीबाई.
942 _cBOOK
999 _c701358
_d701355